000 01165pam a2200301 a 4500
001 2524852
003 OSt
005 20240619105110.0
008 930909s1994 enka b 001 0 eng
010 _a 93036901
020 _a0521454506 (hardback)
020 _a0521455979 (pbk.)
040 _aMUST LIB
_cMUST
_dMUST
050 0 0 _aQC20
_b.C684 1994
082 0 0 _a530.15
_220
_bCOO
100 1 _aCook, Alan H.
_914059
245 1 4 _aThe observational foundations of physics /
_cSir Alan Cook.
260 _aCambridge ;
_aNew York :
_bCambridge University Press,
_c1994.
300 _axii, 164 p. :
_bill. ;
_c23 cm.
504 _aIncludes bibliographical references (p. 156-159) and index.
650 0 _aMathematical physics.
_9372
650 0 _aPhysical measurements.
_917050
856 4 2 _3Publisher description
_uhttp://www.loc.gov/catdir/description/cam025/93036901.html
856 4 1 _3Table of contents
_uhttp://www.loc.gov/catdir/toc/cam021/93036901.html
906 _a7
_bcbc
_corignew
_d1
_eocip
_f19
_gy-gencatlg
942 _2ddc
_cO_SHELF
999 _c8644
_d8644